Materia y memoria: tesoros patrimoniales de la Universidad de Chile
Kaydedildi:
| Yazar: | |
|---|---|
| Materyal Türü: | Kitap |
| Dil: | İspanyolca |
| Baskı/Yayın Bilgisi: |
Santiago
Tinta Azul
2011
|
| Edisyon: | 1a. ed |
| Konular: | |
| Etiketler: |
Etiketle
Etiket eklenmemiş, İlk siz ekleyin!
|
MARC
| LEADER | 00000cam a2200000 a 4500 | ||
|---|---|---|---|
| 001 | UCD6523 | ||
| 003 | CL-VaPUC | ||
| 008 | 161216e20110000cl |||||||||||||||||spa|d | ||
| 020 | |a 9789563240856 | ||
| 082 | 0 | 4 | |a 378.00983 |b ARA |2 21 |
| 100 | |a Araya Espinoza, Alejandra |e author |9 590380 | ||
| 245 | 1 | 0 | |a Materia y memoria: tesoros patrimoniales de la Universidad de Chile |
| 250 | |a 1a. ed | ||
| 300 | |a 302 p | ||
| 942 | |c BK | ||
| 945 | |d 20161216 10:21:00 |a dcastane | ||
| 260 | |a Santiago |b Tinta Azul |c 2011 | ||
| 650 | 0 | |a Universidades chilenas |9 407335 | |
| 650 | 0 | |a Educación superior |9 223851 | |
| 650 | 0 | |a Patrimonio cultural |9 309364 | |
| 583 | |a last modification |c 20161216 10:21:00 |k Rodrigo Vera | ||
| 999 | |c 366828 |d 366826 | ||
| 952 | |0 0 |1 0 |3 erb |4 0 |6 378_009830000000000_ARA_2011 |7 0 |8 X |9 481382 |a FDOBUD |b FDOBUD |i 5325412 |o 378.00983 ARA 2011 |p 5325412 |r 2019-11-24 |w 2019-11-24 |y BK_X |z Catalogado en:20161216 |k BUD | ||